000 00648nam a2200229Ia 4500
003 OSt
005 20220923230517.0
006 a|||||r|||| 00| 0
007 ta
008 Pun
024 _a282,665
037 _cTextual
040 _aARTS
_cARTS
_bPun
041 _2Pun
_aPun
082 _aO153,3NBBH2x, L6
100 _aਭਾਟਿਆ, ਰਾਜਿੰਦਰ ਸਿੰਘ
_9156370
245 0 _aਆਵਾਗ਼ ਤੇ ਅਥਰੂ
260 _c1976
650 _aਪੰਜਾਬੀ ਸਾਹਿਤ
942 _hO153,3NBBH2x, L6
_cTEXL
_2CC
999 _c385360
_d385360